| 000 | 01153cam a22003497a 4500 | ||
|---|---|---|---|
| 003 | CHAP | ||
| 005 | 20220817043725.0 | ||
| 008 | 001024d1999 ii r 00110 eng d | ||
| 010 | _a82712 | ||
| 011 | _a83684 | ||
| 020 | _a929066407X | ||
| 035 | _a94199 | ||
| 040 | _cCHAP | ||
| 090 | _aFolleto 16049 | ||
| 100 | 0 | 0 | _aBantilan, M. C. S. |
| 245 | 1 | 0 |
_aEfficiency and sustainability gains from adoption of short-duration Pigeonpea in nonlegume-based cropping systems _c/by M.C.S. Bantilan and D. Parthasarathy |
| 260 |
_aAndhra Pradesh, India : _bInternational Crops Research Institute for the Semi-Arid Tropics, _c1999. |
||
| 300 |
_a24 p. : _bmapas |
||
| 410 | _aICRISAT | ||
| 490 | 0 |
_aImpact series _v; 5 |
|
| 590 |
_aBATCH-UPD _b10 _c20130110 _lUCH01 _h0630 |
||
| 590 |
_aBATCH-UPD _b10 _c20130110 _lUCH01 _h2331 |
||
| 590 |
_aCONVERSION _b10 _c20130109 _lUCH01 _h1346 |
||
| 650 | 1 | 4 | _aCajanus indicus. |
| 700 | 0 |
_aParthasarathy, D. _985795 |
|
| 810 | 0 | 0 |
_aICRISAT _957272 |
| 830 | 0 | 0 |
_aImpact series _v; 5 _957464 |
| 901 | _aBK | ||
| 905 | _aLilia Sánchez G. | ||
| 942 | _cFOLL | ||
| 949 |
_aFolleto 16049 _bBC _cFOLL _d941991 _eTS1 _i94199 _sb |
||
| 999 |
_c82712 _d82712 |
||